000 00579nam a2200181 a 4500
005 20240910064026.0
008 991125m19671980mx 000 0 spa u
020 _a968240083X
035 _aUPN01000000908
049 _aCG
050 4 _aJF1351
_bW3.28
100 1 _aWaldo, Dwight
245 1 0 _aAdministración pública :
_bla función administrativa, los sistemas de organización y otros aspectos /
_cDwight Waldo ; tr. Odón Durán D'Ocon.
260 _aMéxico :
_bTrillas,
_c1967 (1980 impr.).
300 _a530 p.
650 4 _aAdministración pública
_9637
905 _aLibro
999 _c908
_d908